<?xml version="1.0" encoding="UTF-8"?>
<marc:record xmlns:marc="http://www.loc.gov/MARC21/slim">
   <marc:leader>00000nam a2200000 a 4500</marc:leader>
   <marc:datafield ind1="1" ind2=" " tag="100">
      <marc:subfield code="a">Münzer, Hanni</marc:subfield>
      <marc:subfield code="4">aut</marc:subfield>
      <marc:subfield code="e">Verfasser/-in</marc:subfield>
   </marc:datafield>
   <marc:datafield ind1=" " ind2=" " tag="653">
      <marc:subfield code="a">Berlin</marc:subfield>
   </marc:datafield>
   <marc:datafield ind1=" " ind2=" " tag="653">
      <marc:subfield code="a">Erzählende Literatur: Gegenwartsliteratur ab 1945</marc:subfield>
   </marc:datafield>
   <marc:datafield ind1="0" ind2="0" tag="245">
      <marc:subfield code="a">Honigstaat (2) - Am Ende der Nacht 2</marc:subfield>
   </marc:datafield>
   <marc:datafield ind1="0" ind2="0" tag="245">
      <marc:subfield code="b">Roman | Für die Fans von »Honigtot« und »Marlene«</marc:subfield>
   </marc:datafield>
   <marc:datafield ind1="0" ind2="0" tag="245">
      <marc:subfield code="c">Münzer, Hanni</marc:subfield>
   </marc:datafield>
   <marc:datafield ind1=" " ind2="1" tag="264">
      <marc:subfield code="a">München</marc:subfield>
      <marc:subfield code="b">Piper</marc:subfield>
      <marc:subfield code="c">2024</marc:subfield>
   </marc:datafield>
   <marc:datafield ind1="1" ind2=" " tag="490">
      <marc:subfield code="a">Am Ende der Nacht</marc:subfield>
      <marc:subfield code="v">2</marc:subfield>
   </marc:datafield>
   <marc:datafield ind1="1" ind2=" " tag="520">
      <marc:subfield code="a">Verlagstext:&lt;br/&gt;&lt;br/&gt;Honigstaat (Am Ende der Nacht 2)&lt;br/&gt;&lt;br/&gt;Eine Geschichte über Liebe und Obsession, Schuld und Sühne, Verrat und Rache  und die Stärke der Frauen.&lt;br/&gt;&lt;br/&gt;Berlin, 1933: Die politischen Ereignisse führen in der Familie von Tessendorf zu schweren Zerwürfnissen. Daisy muss sich ein unabhängiges Leben aufbauen und arbeitet als Assistentin für Albert Speer  im innersten Kreis der Macht. Als ihre Freundin Mitzi in eine tödliche Intrige gerät, nutzt Daisy ihre Position, um sie zu retten. Unterstützung erhält sie von ihrer französischen Mutter Yvette, die selbst ein Geheimnis hütet. Erst als Daisy dem Mann ihres Lebens begegnet  kultiviert, brillant und ein englischer Spion , erkennt sie ihre wahre Bestimmung.&lt;br/&gt;&lt;br/&gt; Hanni Münzer ist eine hervorragende Erzählerin. Buchmedia Magazin&lt;br/&gt;&lt;br/&gt;Zu Hanni Münzers bewegender Dilogie um die unangepasste und starke Heldin Daisy von Tessendorf gehören:&lt;br/&gt;&lt;br/&gt;Band 1: Honigland&lt;br/&gt;&lt;br/&gt;Band 2: Honigstaat</marc:subfield>
   </marc:datafield>
   <marc:datafield ind1=" " ind2=" " tag="020">
      <marc:subfield code="a">9783492064552</marc:subfield>
      <marc:subfield code="9">9783492064552</marc:subfield>
   </marc:datafield>
   <marc:datafield ind1=" " ind2=" " tag="020">
      <marc:subfield code="a">3492064558</marc:subfield>
      <marc:subfield code="9">3492064558</marc:subfield>
   </marc:datafield>
   <marc:datafield ind1=" " ind2=" " tag="041">
      <marc:subfield code="a">ger</marc:subfield>
   </marc:datafield>
   <marc:datafield ind1="0" ind2=" " tag="490">
      <marc:subfield code="v">2</marc:subfield>
   </marc:datafield>
   <marc:datafield ind1=" " ind2=" " tag="338">
      <marc:subfield code="a">Band</marc:subfield>
   </marc:datafield>
   <marc:datafield ind1=" " ind2=" " tag="300">
      <marc:subfield code="a">587 Seiten</marc:subfield>
   </marc:datafield>
</marc:record>
